The glorious company. (Record no. 5117)

000 -LEADER
fixed length control field 00766nam a2200229 a 4500
001 - CONTROL NUMBER
control field :::00002858$&:&@@
003 - CONTROL NUMBER IDENTIFIER
control field OkBaRHE
005 - DATE AND TIME OF LATEST TRANSACTION
control field 20100401122200.0
008 - FIXED-LENGTH DATA ELEMENTS--GENERAL INFORMATION
fixed length control field s1986 j 000 0 eng u
040 ## - CATALOGING SOURCE
Transcribing agency
100 1# - MAIN ENTRY--PERSONAL NAME
Personal name Lee, G. Avery.
245 14 - TITLE STATEMENT
Title The glorious company.
260 ## - PUBLICATION, DISTRIBUTION, ETC. (IMPRINT)
Place of publication, distribution, etc Nashville, TN., :
Name of publisher, distributor, etc Broadman Press
Date of publication, distribution, etc 1986
300 ## - PHYSICAL DESCRIPTION
Extent 127 p. ;
Dimensions 20 cm.
650 ## - SUBJECT ADDED ENTRY--TOPICAL TERM
Topical term or geographic name as entry element Apostles
General subdivision Sermons
650 ## - SUBJECT ADDED ENTRY--TOPICAL TERM
Topical term or geographic name as entry element Baptists
General subdivision Sermons
650 ## - SUBJECT ADDED ENTRY--TOPICAL TERM
Topical term or geographic name as entry element Sermons, American
650 ## - SUBJECT ADDED ENTRY--TOPICAL TERM
Topical term or geographic name as entry element Southern Baptist Convention
General subdivision Sermons
942 ## - ADDED ENTRY ELEMENTS (KOHA)
Source of classification or shelving scheme
Koha item type Books
Copies
Barcode Permanent Location Koha item type Withdrawn status Price effective from Shelving location Damaged status Copy number Date acquired Date last seen Source of classification or shelving scheme Full call number Not for loan Lost status
2858RHEMA Bible Training CollegeBooks 2010-04-14General Stacks 12010-04-142018-03-16 BS 2440 .L39 1986  
19734RHEMA Bible Training CollegeBooks 2010-04-14General Stacks 22010-04-142018-03-16 BS 2440 .L39 1986